Vybrané územní souvislosti bydlení s příklady ze sídlištních struktur

Odlišnosti európskych krajín v prístupe k bývaniu. Príklady časovopriestorových a regionálnych komparácií. Hlavné smery vývoja trhu s bývaním v postsocialistických krajinách. Dopady ekonomicko-politického rozdelenia Európy na bytovú politiku jednotlivých štátov.

Salvato in:
Dettagli Bibliografici
Autore principale: Kalabová, Eva
Natura: Capitolo di libro
Lingua:ceco
Soggetti:
Tags: Aggiungi Tag
Nessun Tag, puoi essere il primo ad aggiungerne!!

MARC

LEADER 00000naa$a2200000$$$4500
001 0024298
005 20231102100712.9
041 0 |a cze 
044 |a SK 
245 1 0 |a Vybrané územní souvislosti bydlení s příklady ze sídlištních struktur  |c Eva Kalabová 
520 |a Odlišnosti európskych krajín v prístupe k bývaniu. Príklady časovopriestorových a regionálnych komparácií. Hlavné smery vývoja trhu s bývaním v postsocialistických krajinách. Dopady ekonomicko-politického rozdelenia Európy na bytovú politiku jednotlivých štátov. 
610 2 0 |a bývanie 
610 2 0 |a byty 
610 2 0 |a sídliská 
610 2 0 |a politika bytová 
610 2 0 |a trh bytový 
610 2 0 |a SVE 
100 1 |a Kalabová, Eva